000 00482nam a22001577a 4500
005 20251108164057.0
008 250721s1986 xx 000 0 ara d
082 1 4 _a347.97/أحم
100 1 _aجمعه، أحمد محمود
245 1 0 _aالطعون الإستئنافيه أمام محاكم مجلس الدوله /
264 1 _aالإسكندريه :
_bمنشأة المعارف،
_c1986.
300 _a214ص
650 1 7 _aالمحاكم
942 _2ddc
_cBK
999 _c3003
_d3003